000 01319nam a2200313 4500
001 0000017409
003 CO-CtgCURN
005 20250513220104.0
007 ta
008 160627s1998 000 0 eng d
020 _a9586760138
040 _aCO-CtgCURN
_bspa
_ccoctgcurn
082 0 _a345.861
_bV17p
100 1 _aVargas Vargas, Pedro P.
245 1 0 _aProcedimiento penal de Colombia /
_cPedro P. Vargas Vargas.
260 _aBogotá :
_bDoctrina y Ley,
_c1998.
300 _axvi, 745 p.
336 _2rdacontent
337 _2rdamedia
_asin mediacion
_bn
338 _2rdacarrier
_avolumen
_bnc
500 _aIncluye indice.
505 8 _aLa Acción penal, preclusion de la instrucción o cesacion de procedimiento por indemnizacion integral.--Medidas de aseguramiento.--Libertad para inimputables por trastorno mental o inmadurez sicologica, que hubiesen cumplido 18 años de edad.--Principales diferencias existentes entre el procedimeinto penal.--La extradicción, jurado de conciencia
650 1 4 _aProcedimiento penal.
908 _a160627
942 _cBK
_h345.861
_iV17p
_2ddc
_n0
999 _c19943
_d19943